000
00333nam a2200145Ia 4500
008
230718s9999 xx 000 0 und d
041
_a
Eng.
082
_a
340
_b
SEE-P
100
_a
Seeed, Malik M ted)
245
0
_a
P. L.D (1876)
260
_a
Pakistan
_b
All Palcistan legal
_c
1976
300
_a
184
650
_a
Law
999
_c
26990
_d
26990